000 00691nam a2200253 a 4500
001 adlib96000001
003 ViArRB
005 200902210153555.7
008 960221s1955 dcuabcdjdbkoqu001 0deng d
020 _a8126507187
022 _a
040 _aAdlib
082 _a811.521'373.74
245 _aJapanese phrases for dummies
250 _a
260 _aNew Delhi
_bWiley India (P) Ltd
_c2006
300 _aix, 204p.
_c
500 _a
100 _aSato, Erico
_e
700 _a
_a
942 _cBK
653 _aPhrases- Japanese
_aJapanese phrases
952 _w2010-06-16
_p0059987S
_r2010-06-16
_40
_00
_bUL
_10
_o811.521'373.74 SAT
_d2010-06-16
_70
_yBK
_aUL
999 _c55034
_d55033